|
|
|
|
| LEADER |
00000nam0a2200000 4500 |
| 001 |
153942 |
| 005 |
20231101221728.0 |
| 035 |
|
|
|a (RuTPU)RU\TPU\book\166991
|
| 090 |
|
|
|a 153942
|
| 100 |
|
|
|a 20090219d1976 m y0rusy50 ca
|
| 101 |
0 |
|
|a rus
|
| 102 |
|
|
|a UA
|
| 105 |
|
|
|a a j 000zy
|
| 200 |
1 |
|
|a Резание металлов, режущий инструмент, металлорежущие станки и основы автоматики
|e учебное пособие по лабораторному практикуму
|f Харьковский авиационный институт ; под ред. В. П. Щербакова
|
| 210 |
|
|
|a Харьков
|c [Б. и.]
|d 1976
|
| 215 |
|
|
|a 104 с.
|c ил.
|
| 610 |
1 |
|
|a металлы
|
| 610 |
1 |
|
|a резание
|
| 610 |
1 |
|
|a режущий инструмент
|
| 610 |
1 |
|
|a металлорежущие станки
|
| 610 |
1 |
|
|a учебные пособия
|
| 610 |
1 |
|
|a лабораторные практикумы
|
| 610 |
1 |
|
|a автоматика
|
| 610 |
1 |
|
|a лабораторные работы
|
| 675 |
|
|
|a 621.9(076.5)
|v 3
|
| 702 |
|
1 |
|a Щербаков
|b В. П.
|4 340
|
| 712 |
0 |
2 |
|a Харьковский авиационный институт
|2 stltpush
|3 (RuTPU)RU\TPU\col\7321
|9 24307
|
| 801 |
|
1 |
|a RU
|b 63413507
|c 20090219
|g PSBO
|
| 801 |
|
2 |
|a RU
|b 63413507
|c 20090728
|g PSBO
|
| 942 |
|
|
|c BK
|